Stability and Seakeeping of Marine Vessels (Record no. 8243)

MARC details
000 -LEADER
fixed length control field 01276nam a2200133Ia 4500
008 - FIXED-LENGTH DATA ELEMENTS--GENERAL INFORMATION
fixed length control field 220615s9999||||xx |||||||||||||| ||und||
020 ## - INTERNATIONAL STANDARD BOOK NUMBER
International Standard Book Number 9783040000000
245 #0 - TITLE STATEMENT
Title Stability and Seakeeping of Marine Vessels
546 ## - LANGUAGE NOTE
Language note English[eng]
650 ## - SUBJECT ADDED ENTRY--TOPICAL TERM
Topical term or geographic name entry element URANS||VOF||overset mesh||side damage||bottom damage||flooding process||motion response||nonlinear steady flow||desingularized Rankine panel method||forward speed||radiation and diffraction||adaptive weather routing||Seakeeping Performance Index||route optimization||Dijkstra algorithm||Cummins equations||vertical motions assessment||time domain simulations||experimental seakeeping||hard chine displacement hull form||second generation intact stability criteria||operational guidance||operational limitations||vulnerability levels||direct stability assessment||Ro-Ro ferry||coastal patrol ship (CPS)||full-scale seakeeping trials||ship design||barge platform||zero-pressurized air cushion||hydrodynamic performance||boundary element method||container ship||added resistance in waves||sea states||potential flow theory||variation of ship characteristics||strip theory||BEM||RANS||regular wave||seakeeping||n/a
700 ## - ADDED ENTRY--PERSONAL NAME
Personal name Begovic, Ermina||Mancini, Simone
856 ## - ELECTRONIC LOCATION AND ACCESS
Uniform Resource Identifier <a href="https://mdpi.com/books/pdfview/book/4264">https://mdpi.com/books/pdfview/book/4264</a>
942 ## - ADDED ENTRY ELEMENTS (KOHA)
Koha item type E-Books
Holdings
Withdrawn status Lost status Damaged status Not for loan Home library Current library Date acquired Total Checkouts Date last seen Price effective from Koha item type
        Kerala University of Digital Sciences, Innovation and Technology Knowledge Centre Kerala University of Digital Sciences, Innovation and Technology Knowledge Centre 15/06/2022   15/06/2022 15/06/2022 E-Books